书目信息 |
| 题名: |
不平常的代数
|
|
| 作者: | 亚格洛姆 , Яглом 著 ;方伟武 译 | |
| 分册: | ||
| 出版信息: | 北京 知识出版社 1984 |
|
| 页数: | 144页 | |
| 开本: | 19cm | |
| 丛书名: | ||
| 单 册: | ||
| 中图分类: | O153.2 , G633.6 | |
| 科图分类: | ||
| 主题词: | 布尔代数 , 教育--各级 | |
| 电子资源: | ||
| ISBN: | ||
| 000 | 00793nam0 2200289 45 | |
| 001 | 0184001976 | |
| 005 | 20040430144544.1 | |
| 010 | @dCNY0.41 | |
| 091 | @a7214.18 | |
| 100 | @a19950323d1984 em y0chiy0121 ea | |
| 101 | 1 | @achi@crus |
| 102 | @aCN@b110000 | |
| 105 | @ay z 000yy | |
| 106 | @ar | |
| 200 | 10 | @a不平常的代数@Abu ping chang de dai shu@f(苏)亚格洛姆(И.М.Яглом)著@g方伟武译 |
| 210 | @a北京@c知识出版社@d1984 | |
| 215 | @a144页@d19cm | |
| 606 | @a布尔代数 | |
| 606 | 0 | @a教育@x各级 |
| 690 | @aO153.2@v3 | |
| 690 | @aG633.6 | |
| 701 | 0 | @a亚格洛姆@Aya ge luo mu@bИ.М.@4著 |
| 701 | A1 | @aЯглом@bИ.М.@4著 |
| 702 | 0 | @a方伟武@Afang wei wu@4译 |
| 801 | 0 | @aCN@b上海图书馆@c20040430 |
| 801 | 2 | @aCN@bNLC@c20040430 |
| 905 | @f4@b122048-051@dG633.6@e76 | |
| 不平常的代数/(苏)亚格洛姆(И.М.Яглом)著/方伟武译.-北京:知识出版社,1984 |
| 144页;19cm |
| ISBN :CNY0.41 |
| ● |
| 相关链接 |
|
|
|
|
正题名:不平常的代数
索取号:G633.6/76
 
预约/预借
| 序号 | 登录号 | 条形码 | 馆藏地/架位号 | 状态 | 备注 |
| 1 | 0122048 | 000244186 | 密集书库/ [索取号:G633.6/76] | 在馆 | |
| 2 | 0122049 | 000244220 | 密集书库/ [索取号:G633.6/76] | 在馆 | |
| 3 | 0122050 | 000244177 | 密集书库/ [索取号:G633.6/76] | 在馆 | |
| 4 | 0122051 | 000244195 | 密集书库/ [索取号:G633.6/76] | 在馆 | |
| 5 | 0122052 | 202437773 | 第一样本阅览室/ [索取号:G633.6/76] | 在馆 |